As you like it
Enregistré dans:
| Auteur principal: | |
|---|---|
| Format: | Livre |
| Langue: | Undetermined |
| Publié: |
Inglaterra
Penguin Books
1974
|
| Sujets: | |
| Tags: |
Ajouter un tag
Pas de tags, Soyez le premier à ajouter un tag!
|
MARC
| LEADER | 00000nam a2200000Ia 4500 | ||
|---|---|---|---|
| 008 | 170316s9999 xx 000 0 und d | ||
| 040 | |a cru BVZT | ||
| 090 | |a 820 S-5as | ||
| 100 | |a Shakespeare, William | ||
| 245 | |a As you like it | ||
| 260 | |a Inglaterra | ||
| 260 | |b Penguin Books | ||
| 260 | |c 1974 | ||
| 300 | |a 202 páginas | ||
| 650 | |a LITERATURA INGLESA | ||
| 650 | |a AS YOU LIKE IT - COMMENTARY | ||
| 999 | |c 7104 |d 7104 | ||
| 942 | |c 15 D |h 820 S-5as |2 z | ||
